[Event "Mittelfrank Regionalliga Sud-Ost 2223"]
[Site "Mittelfranken"]
[Date "2023.03.19"]
[Round "8.5"]
[White "Melcher, Matthias"]
[Black "Belz, Frank Martin"]
[Result "1/2-1/2"]
[WhiteElo "1981"]
[BlackElo "1973"]
[PlyCount "81"]
[EventDate "2022.10.09"]
[EventType "team-tourn"]
[EventRounds "9"]
[EventCountry "GER"]
[SourceTitle "EXT 2024"]
[Source "ChessBase"]
[SourceDate "2023.10.10"]
[SourceVersion "1"]
[SourceVersionDate "2023.10.10"]
[SourceQuality "1"]
[WhiteTeam "Moosburg"]
[BlackTeam "Freising"]
[WhiteTeamCountry "GER"]
[BlackTeamCountry "GER"]

1. e4 c6 2. d4 d5 3. exd5 cxd5 4. Bd3 Nc6 5. c3 Qc7 6. h3 Nf6 7. Nf3 g6 8. 0-0 Bf5 9. Bxf5 gxf5 10. Qd3 e6 11. Nbd2 0-0-0 12. Ne5 Nxe5 13. dxe5 Qxe5 14. Nf3 Qc7 15. Qd4 Be7 16. Bf4 Qc5 17. Ne5 Rhg8 18. Nxf7 Rdf8 19. Qe5 Nd7 20. Nd6+ Bxd6 21. Qxd6 Qxd6 22. Bxd6 Rf6 23. Rae1 Rfg6 24. g3 h5 25. Re3 Nb6 26. b3 Kd7 27. Be5 Ke7 28. Rfe1 Nd7 29. Kf1 Kf7 30. Bd4 a6 31. Ke2 Re8 32. Kd3 Nf6 33. Bxf6 Rxf6 34. Re5 h4 35. R1e3 b5 36. gxh4 Rh6 37. Kd4 Rc8 38. f4 Rc6 39. Rf3 Rxh4 40. Re2 Kf6 41. Rg2 1/2-1/2

[Event "Landesliga Nord 1920"]
[Site "Bayern"]
[Date "2020.02.09"]
[Round "6.8"]
[White "Renner, Johannes"]
[Black "Melcher, Matthias"]
[Result "1/2-1/2"]
[WhiteElo "1578"]
[BlackElo "1925"]
[PlyCount "53"]
[EventDate "2019.09.29"]
[EventType "team-tourn"]
[EventRounds "9"]
[EventCountry "GER"]
[SourceTitle "EXT 2021"]
[Source "ChessBase"]
[SourceDate "2020.10.23"]
[SourceVersion "1"]
[SourceVersionDate "2020.10.23"]
[SourceQuality "1"]
[WhiteTeam "Kronach"]
[BlackTeam "Kareth Lappersdorf"]
[WhiteTeamCountry "GER"]
[BlackTeamCountry "GER"]

1. e4 c5 2. Nf3 d6 3. d4 cxd4 4. Nxd4 Nf6 5. Nc3 a6 6. Be3 Nc6 7. Be2 e6 8. Qd2 Be7 9. 0-0 0-0 10. f4 Qc7 11. Rad1 Bd7 12. Qe1 b5 13. a3 Rab8 14. b4 Nxd4 15. Rxd4 Rbc8 16. Rd3 Bc6 17. Bf3 Rfd8 18. Qf2 Qb7 19. Re1 Rd7 20. Bd2 d5 21. e5 Ne8 22. Bg4 d4 23. Ne2 Be4 24. Rxd4 Bxc2 25. Bf3 Qa7 26. Be3 Bg6 27. Rd6 1/2-1/2

[Event "Regionalliga NO 1617"]
[Site "Bayern"]
[Date "2016.10.16"]
[Round "1.3"]
[White "Melcher, Matthias"]
[Black "Votruba, Pavel"]
[Result "1/2-1/2"]
[WhiteElo "1969"]
[BlackElo "2178"]
[PlyCount "52"]
[EventDate "2016.10.16"]
[EventType "team-tourn"]
[EventRounds "9"]
[EventCountry "GER"]
[SourceTitle "EXT 2019"]
[Source "ChessBase"]
[SourceDate "2018.10.10"]
[SourceVersion "1"]
[SourceVersionDate "2018.10.10"]
[SourceQuality "1"]
[WhiteTeam "Kareth Lappersdorf II"]
[BlackTeam "Schwandorf"]
[WhiteTeamCountry "GER"]
[BlackTeamCountry "GER"]

1. e4 e6 2. d4 d5 3. Nd2 Nf6 4. e5 Nfd7 5. Bd3 c5 6. c3 Nc6 7. Ne2 cxd4 8. cxd4 Nb6 9. a3 a5 10. 0-0 a4 11. f4 g6 12. Kh1 Bd7 13. Nf3 h5 14. Be3 Na5 15. Bf2 Nbc4 16. Qc2 Rg8 17. Nc3 b5 18. Rae1 Be7 19. h4 Qb6 20. Ng5 Rg7 21. Qe2 0-0-0 22. Bxc4 bxc4 23. Rd1 Bc6 24. Qc2 Nb3 25. Na2 Kb7 26. Nf3 Rb8 1/2-1/2

[Event "Oberliga Bayern 1516"]
[Site "Bayern"]
[Date "2015.10.11"]
[Round "1.7"]
[White "Fichtner, Ewald"]
[Black "Melcher, Matthias"]
[Result "1-0"]
[WhiteElo "2062"]
[BlackElo "1969"]
[PlyCount "81"]
[EventDate "2015.10.11"]
[EventType "team-tourn"]
[EventRounds "9"]
[EventCountry "GER"]
[SourceTitle "EXT 2018"]
[Source "ChessBase"]
[SourceDate "2017.10.13"]
[SourceVersion "1"]
[SourceVersionDate "2017.10.13"]
[SourceQuality "1"]
[WhiteTeam "Bayern Muenchen II"]
[BlackTeam "Kareth Lappersdorf"]
[WhiteTeamCountry "GER"]
[BlackTeamCountry "GER"]

1. d4 d5 2. c4 c6 3. Nf3 Nf6 4. Qb3 Qb6 5. c5 Qxb3 6. axb3 Bf5 7. Nc3 Na6 8. e4 dxe4 9. Bxa6 bxa6 10. Ne5 Bc8 11. Nxc6 g6 12. Bg5 Bg7 13. 0-0 Bb7 14. Na5 Bc8 15. Rfe1 h6 16. Bxf6 Bxf6 17. Nd5 0-0 18. Nxf6+ exf6 19. Rxe4 Be6 20. Nc4 Rab8 21. Re3 Bxc4 22. bxc4 Rxb2 23. h3 Rc2 24. Ra4 Rc8 25. Rd3 Rc6 26. Kf1 Kg7 27. Ke1 f5 28. Re3 f4 29. Re2 Rc3 30. Kd2 Rb3 31. Kc2 Rb7 32. Ra5 Rbc7 33. Kc3 Kf6 34. d5 Rxc5 35. Rxc5 Rxc5 36. Kd4 Ra5 37. d6 Ra1 38. Kc5 g5 39. d7 Rd1 40. Kc6 Rd4 41. c5 1-0

[Event "Oberliga Bayern 1415"]
[Site "Germany"]
[Date "2015.03.15"]
[Round "8.8"]
[White "Kapfer, Ulrich"]
[Black "Melcher, Matthias"]
[Result "0-1"]
[WhiteElo "1967"]
[BlackElo "1945"]
[PlyCount "84"]
[EventDate "2014.10.19"]
[EventType "team-tourn"]
[EventRounds "9"]
[EventCountry "GER"]
[SourceTitle "EXT 2016"]
[Source "ChessBase"]
[SourceDate "2015.10.08"]
[SourceVersion "1"]
[SourceVersionDate "2015.10.08"]
[SourceQuality "1"]
[WhiteTeam "Dillingen"]
[BlackTeam "Kareth Lappersdorf"]
[WhiteTeamCountry "GER"]
[BlackTeamCountry "GER"]

1. d4 d5 2. Nf3 Nf6 3. b3 c6 4. Bb2 Bf5 5. e3 e6 6. Bd3 Bxd3 7. Qxd3 Bd6 8. c4 Nbd7 9. Nbd2 0-0 10. 0-0 Re8 11. Ne5 Qc7 12. f4 c5 13. Rac1 Qb6 14. Rf3 Rad8 15. Rh3 h6 16. Rf1 cxd4 17. exd4 Bxe5 18. fxe5 Nxe5 19. Qg3 Ng6 20. Qf2 Qc7 21. Rg3 Kh7 22. h3 Rd6 23. c5 Rc6 24. b4 a6 25. a4 Qd7 26. h4 e5 27. Rxg6 fxg6 28. dxe5 Ne4 29. Qe3 Nxd2 30. Qxd2 a5 31. Rc1 axb4 32. Qxb4 Ra6 33. a5 Rea8 34. Rf1 Rxa5 35. Qc3 d4 36. Qf3 Ra2 37. Qb3 d3 38. e6 Rxb2 39. Qxb2 Qxe6 40. Qxb7 Qe3+ 41. Kh1 Ra4 42. Rf3 Rxh4+ 0-1

[Event "SVK-chT1E 1314"]
[Site "Slovakia"]
[Date "2013.12.15"]
[Round "6.5"]
[White "Kostelny, Jozef"]
[Black "Melcher, Matthias"]
[Result "1-0"]
[WhiteElo "2204"]
[BlackElo "1918"]
[PlyCount "123"]
[EventDate "2013.10.12"]
[EventType "team-tourn"]
[EventRounds "11"]
[EventCountry "SVK"]
[SourceTitle "EXT 2015"]
[Source "ChessBase"]
[SourceDate "2014.11.20"]
[SourceVersion "1"]
[SourceVersionDate "2014.11.20"]
[SourceQuality "1"]
[WhiteTeam "Zilina Mladost"]
[BlackTeam "Dolny Kubin"]
[WhiteTeamCountry "SVK"]
[BlackTeamCountry "SVK"]

1. d4 d5 2. c4 c6 3. Nf3 Nf6 4. Nc3 dxc4 5. e4 b5 6. Be2 e6 7. 0-0 Bb7 8. Bg5 Be7 9. Re1 a6 10. Qc2 0-0 11. Rad1 Nbd7 12. e5 Nd5 13. Bxe7 Qxe7 14. Ne4 h6 15. Nd6 N7b6 16. Nxb7 Qxb7 17. Nd2 Qe7 18. Ne4 Rfc8 19. Bf3 Rc7 20. Kh1 Rd8 21. Nc5 Nd7 22. Ne4 c5 23. Ng3 cxd4 24. Rxd4 Nb4 25. Qc3 Nxa2 26. Qe3 Qg5 27. Qa3 c3 28. h4 Qd2 29. Rxd2 cxd2 30. Rd1 Nxe5 31. Qa5 Rdd7 32. Rxd2 Rc1+ 33. Kh2 Nc4 34. Qxa2 Rxd2 35. Qxa6 Rd4 36. Qc8+ Kh7 37. Ne2 Rxh4+ 38. Kg3 Rch1 39. Nc3 f5 40. Bd1 Ne5 41. f4 Ng6 42. Qxe6 Rxf4 43. Bf3 Rhh4 44. Nd5 Rfg4+ 45. Bxg4 Rxg4+ 46. Kf2 Rg5 47. Qd7 Ne5 48. Qxb5 f4 49. Qb7 Nd3+ 50. Ke2 Nxb2 51. Nxf4 Re5+ 52. Kf3 Nc4 53. Qb1+ Kg8 54. Qb3 Re3+ 55. Qxe3 Nxe3 56. Kxe3 Kf7 57. Kf3 Kf6 58. Kg4 Ke5 59. g3 Ke4 60. Ne6 g6 61. Nf4 h5+ 62. Nxh5 1-0

[Event "SVK-chT1E 1314"]
[Site "Slovakia"]
[Date "2013.12.14"]
[Round "5.6"]
[White "Melcher, Matthias"]
[Black "Tropp, Frantisek"]
[Result "0-1"]
[WhiteElo "1918"]
[BlackElo "2091"]
[PlyCount "86"]
[EventDate "2013.10.12"]
[EventType "team-tourn"]
[EventRounds "11"]
[EventCountry "SVK"]
[SourceTitle "EXT 2015"]
[Source "ChessBase"]
[SourceDate "2014.11.20"]
[SourceVersion "1"]
[SourceVersionDate "2014.11.20"]
[SourceQuality "1"]
[WhiteTeam "Dolny Kubin"]
[BlackTeam "Liptov Chess School"]
[WhiteTeamCountry "SVK"]
[BlackTeamCountry "SVK"]

1. e4 c6 2. d4 d5 3. exd5 cxd5 4. Bd3 Nc6 5. c3 Qc7 6. Nd2 Nf6 7. h3 e5 8. dxe5 Nxe5 9. Qe2 Be7 10. Bb5+ Nc6 11. Ngf3 0-0 12. 0-0 Re8 13. Nb3 Bd7 14. Be3 a6 15. Bd3 Rad8 16. Qc2 h6 17. Rad1 Ne5 18. Nxe5 Qxe5 19. Rde1 Bd6 20. f4 Qh5 21. Nd4 Ne4 22. Bxe4 Rxe4 23. Qe2 Qg6 24. Qf3 Rde8 25. Re2 Qf6 26. a3 Qe7 27. Rfe1 Bc5 28. Kf2 Qh4+ 29. Kg1 Bb5 30. Nxb5 Rxe3 31. Nd4 Rxf3 32. Rxe8+ Kh7 33. gxf3 Qg3+ 34. Kf1 Bxd4 35. cxd4 Qxf3+ 36. Kg1 Qg3+ 37. Kf1 Qf3+ 38. Kg1 Qxf4 39. R1e7 Qxd4+ 40. Kf1 Qd1+ 41. Kf2 Qd4+ 42. Kf1 Qxb2 43. Rf8 Qf6+ 0-1

[Event "SVK-chT1E 1314"]
[Site "Slovakia"]
[Date "2013.11.17"]
[Round "4.6"]
[White "Melcher, Matthias"]
[Black "Cuker, Dusan"]
[Result "1/2-1/2"]
[WhiteElo "1918"]
[BlackElo "2107"]
[PlyCount "63"]
[EventDate "2013.10.12"]
[EventType "team-tourn"]
[EventRounds "11"]
[EventCountry "SVK"]
[SourceTitle "EXT 2015"]
[Source "ChessBase"]
[SourceDate "2014.11.20"]
[SourceVersion "1"]
[SourceVersionDate "2014.11.20"]
[SourceQuality "1"]
[WhiteTeam "Dolny Kubin"]
[BlackTeam "Sabinov"]
[WhiteTeamCountry "SVK"]
[BlackTeamCountry "SVK"]

1. e4 d5 2. exd5 Qxd5 3. Nc3 Qa5 4. g3 c6 5. Bg2 Nf6 6. Nf3 Bg4 7. d3 Nbd7 8. h3 Bh5 9. Bd2 Qb6 10. Rb1 e6 11. Qe2 Bd6 12. a3 0-0 13. g4 Bg6 14. 0-0 Qc7 15. b4 Nd5 16. Ne4 Bxe4 17. dxe4 Nf4 18. Qc4 Ne5 19. Nxe5 Bxe5 20. Bxf4 Bxf4 21. Rfd1 Rfd8 22. Qe2 Rxd1+ 23. Rxd1 Rd8 24. Rd3 g6 25. Bf1 Rxd3 26. Qxd3 Qe5 27. c3 Qg5 28. Kg2 h5 29. Be2 Be5 30. Qf3 hxg4 31. hxg4 Qh6 32. c4 1/2-1/2

[Event "Bayernliga 1213 U20"]
[Site "Bayern"]
[Date "2013.01.19"]
[Round "4.2"]
[White "Melcher, Matthias"]
[Black "Wenninger, Philipp"]
[Result "0-1"]
[WhiteElo "1972"]
[BlackElo "2256"]
[PlyCount "70"]
[EventDate "2012.10.20"]
[EventType "team-tourn"]
[EventRounds "7"]
[EventCountry "GER"]
[SourceTitle "EXT 2020"]
[Source "ChessBase"]
[SourceDate "2019.10.17"]
[SourceVersion "1"]
[SourceVersionDate "2019.10.17"]
[SourceQuality "1"]
[WhiteTeam "Kareth Lappersdorf U20"]
[BlackTeam "Erlangen SC U20"]
[WhiteTeamCountry "GER"]
[BlackTeamCountry "GER"]

1. e4 c6 2. d4 d5 3. exd5 cxd5 4. Bd3 Nc6 5. c3 Qc7 6. h3 g6 7. Nf3 Bf5 8. Bxf5 gxf5 9. Be3 e6 10. Qb3 Nf6 11. c4 Rg8 12. 0-0 dxc4 13. Qxc4 Nd5 14. Bd2 0-0-0 15. Nc3 Nxc3 16. Bxc3 Bd6 17. Ne5 Bxe5 18. dxe5 Qe7 19. Qf4 Rd3 20. Kh2 Qd8 21. Rac1 Kb8 22. Rc2 Qd5 23. f3 Qxa2 24. Rd2 Rxd2 25. Qxd2 Qc4 26. Rf2 Qh4 27. Qd6+ Ka8 28. Qc5 Qf4+ 29. Kh1 Qc1+ 30. Kh2 Rd8 31. b4 Rd1 32. Ra2 Qf4+ 33. g3 Qc1 34. Rxa7+ Kb8 35. Ra1 Qc2+ 0-1

[Event "Bayernliga 1213 U20"]
[Site "Bayern"]
[Date "2012.12.01"]
[Round "3.2"]
[White "Arndt, Dominik"]
[Black "Melcher, Matthias"]
[Result "0-1"]
[WhiteElo "1931"]
[BlackElo "1972"]
[PlyCount "86"]
[EventDate "2012.10.20"]
[EventType "team-tourn"]
[EventRounds "7"]
[EventCountry "GER"]
[SourceTitle "EXT 2020"]
[Source "ChessBase"]
[SourceDate "2019.10.17"]
[SourceVersion "1"]
[SourceVersionDate "2019.10.17"]
[SourceQuality "1"]
[WhiteTeam "Vaterstetten SC U20"]
[BlackTeam "Kareth Lappersdorf U20"]
[WhiteTeamCountry "GER"]
[BlackTeamCountry "GER"]

1. Nf3 Nf6 2. g3 d5 3. Bg2 c6 4. 0-0 g6 5. d3 Bg7 6. Nbd2 0-0 7. Rb1 Nbd7 8. b3 e5 9. c4 d4 10. b4 Qc7 11. Ng5 Re8 12. Qc2 h6 13. Nge4 Nxe4 14. Nxe4 f5 15. Nd2 Nf6 16. a4 Bd7 17. Ba3 Rac8 18. Ra1 Re7 19. a5 Rce8 20. Rfb1 e4 21. b5 exd3 22. exd3 Re2 23. Bf3 R2e6 24. b6 axb6 25. axb6 Qd8 26. Bc5 Nh7 27. Nb3 Bc8 28. Bg2 Re2 29. Qc1 Ng5 30. h4 Ne6 31. Bb4 f4 32. Bf1 fxg3 33. fxg3 Re3 34. Kh2 Be5 35. Be1 Qxh4+ 36. Kg2 Bxg3 37. Bxg3 Rxg3+ 38. Kf2 Re3+ 39. Kg1 Nf4 40. Ra2 Rg3+ 41. Bg2 Ne2+ 42. Rxe2 Rxe2 43. Qf1 Rexg2+ 0-1

[Event "Bayernliga 1213 U20"]
[Site "Bayern"]
[Date "2012.12.01"]
[Round "2.2"]
[White "Melcher, Matthias"]
[Black "Eicher, Lukas"]
[Result "0-1"]
[WhiteElo "1972"]
[BlackElo "1957"]
[PlyCount "126"]
[EventDate "2012.10.20"]
[EventType "team-tourn"]
[EventRounds "7"]
[EventCountry "GER"]
[SourceTitle "EXT 2020"]
[Source "ChessBase"]
[SourceDate "2019.10.17"]
[SourceVersion "1"]
[SourceVersionDate "2019.10.17"]
[SourceQuality "1"]
[WhiteTeam "Kareth Lappersdorf U20"]
[BlackTeam "Muenchen Suedost U20"]
[WhiteTeamCountry "GER"]
[BlackTeamCountry "GER"]

1. e4 Nf6 2. e5 Nd5 3. d4 d6 4. exd6 cxd6 5. Nf3 Bg4 6. Be2 e6 7. 0-0 Be7 8. c4 Nb6 9. b3 0-0 10. Bb2 Bf6 11. Nbd2 d5 12. Ne5 Bxe5 13. Bxg4 Bf6 14. c5 Nc8 15. f4 b6 16. b4 Nc6 17. Nb3 Nxb4 18. Ba3 bxc5 19. Nxc5 Qa5 20. Na4 Nb6 21. Qd2 Nxa4 22. Bxb4 Qb6 23. Rad1 Rfc8 24. Ba5 Qb2 25. Rf2 Rab8 26. Qd3 Qb5 27. Qd2 Bxd4 28. Qxd4 Qxa5 29. Qe5 Nc3 30. Re1 Qb6 31. Kf1 Qb5+ 32. Be2 Nxe2 33. Rfxe2 Rc2 34. Qxb8+ Qxb8 35. Rxc2 Qxf4+ 36. Kg1 g5 37. Rf1 Qe3+ 38. Kh1 Qd3 39. Rc8+ Kg7 40. Kg1 Kg6 41. Rg8+ Kh5 42. Rf3 Qd1+ 43. Kf2 Qd2+ 44. Kf1 f5 45. Rh3+ Kg4 46. Rg3+ Kf4 47. R8xg5 d4 48. Rg7 d3 49. Rf3+ Ke5 50. Rd7 Qe2+ 51. Kg1 d2 52. Rf1 Qe3+ 53. Kh1 f4 54. Rb7 Ke4 55. Rbb1 Kd3 56. Rf3 Kc2 57. Rff1 Qe2 58. Kg1 e5 59. a4 e4 60. Ra1 Qxf1+ 61. Kxf1 d1Q+ 62. Rxd1 Kxd1 63. g4 e3 0-1

[Event "Regionalliga NO 1213"]
[Site "Bayern"]
[Date "2012.10.14"]
[Round "1.5"]
[White "Weber, Daniel1111"]
[Black "Melcher, Matthias"]
[Result "0-1"]
[WhiteElo "1985"]
[BlackElo "1972"]
[PlyCount "158"]
[EventDate "2012.10.14"]
[EventType "team-tourn"]
[EventRounds "9"]
[EventCountry "GER"]
[SourceTitle "EXT 2015"]
[Source "ChessBase"]
[SourceDate "2014.11.20"]
[SourceVersion "1"]
[SourceVersionDate "2014.11.20"]
[SourceQuality "1"]
[WhiteTeam "Bechhofen"]
[BlackTeam "Kareth Lappersdorf II"]
[WhiteTeamCountry "GER"]
[BlackTeamCountry "GER"]

1. d4 d5 2. Nf3 Nf6 3. e3 c6 4. b3 Bg4 5. Be2 e6 6. Ne5 Bxe2 7. Qxe2 Nbd7 8. 0-0 Bd6 9. Bb2 Qc7 10. f4 Ne4 11. c4 Ndf6 12. c5 Be7 13. b4 0-0 14. a4 Rfb8 15. Rc1 Nd7 16. Nd3 b6 17. Na3 bxc5 18. dxc5 Bf6 19. Bxf6 Ndxf6 20. b5 Qa5 21. Ne5 Qxa4 22. Nxc6 Rb7 23. Nd4 Qa5 24. Nc4 Qd8 25. Na5 Rc7 26. Nac6 Qc8 27. Ra3 Kf8 28. Qa2 Qb7 29. b6 Rxc6 30. Nxc6 Qxc6 31. Rxa7 Rc8 32. Qa4 Qxb6 33. Ra8 Qd8 34. Rxc8 Qxc8 35. c6 Ne8 36. Qb4+ N8d6 37. c7 Ke7 38. Qb6 Nc4 39. Qc6 Ned6 40. e4 Qd7 41. exd5 Qxc6 42. dxc6 Nb6 43. Rb1 Ndc8 44. f5 exf5 45. Rd1 Nd6 46. Re1+ Kf6 47. g3 Nbc8 48. Kg2 Ne7 49. Rb1 Ndc8 50. Rd1 Ke6 51. Rd8 g6 52. Kf3 Nd6 53. Rd7 Nec8 54. Kf4 Kd5 55. Kg5 Kxc6 56. Rd8 Kxc7 57. Rf8 Ne4+ 58. Kh6 Ncd6 59. Kxh7 g5 60. Ra8 f4 61. gxf4 gxf4 62. Ra3 f3 63. Kg7 Nd2 64. h4 f2 65. Ra1 f1Q 66. Rxf1 Nxf1 67. h5 Ng3 68. h6 Ngf5+ 69. Kh7 Nxh6 70. Kxh6 Kc6 71. Kg5 f5 72. Kf4 Kd5 73. Ke3 Ke5 74. Kf3 Nc4 75. Ke2 Ke4 76. Kf2 Kf4 77. Kg2 Ke3 78. Kf1 Kf3 79. Ke1 Kg2 0-1

[Event "Landesliga U20 Sued 1112"]
[Site "Bayern"]
[Date "2011.12.03"]
[Round "3.2"]
[White "Melcher, Matthias"]
[Black "Voggenreiter, Simon"]
[Result "1-0"]
[WhiteElo "1958"]
[BlackElo "1710"]
[PlyCount "133"]
[EventDate "2011.11.12"]
[EventType "team-tourn"]
[EventRounds "7"]
[EventCountry "GER"]
[SourceTitle "EXT 2022"]
[Source "ChessBase"]
[SourceDate "2021.10.06"]
[SourceVersion "1"]
[SourceVersionDate "2021.10.06"]
[SourceQuality "1"]
[WhiteTeam "Kareth Lappersdorf U20"]
[BlackTeam "Freising SK U20"]
[WhiteTeamCountry "GER"]
[BlackTeamCountry "GER"]

1. e4 e6 2. d4 d5 3. Nd2 Nf6 4. e5 Nfd7 5. Bd3 c5 6. c3 Nc6 7. Ne2 Qb6 8. Nf3 cxd4 9. cxd4 Bb4+ 10. Bd2 Bxd2+ 11. Qxd2 Qb4 12. 0-0 Qxd2 13. Nxd2 0-0 14. Rac1 a6 15. Bb1 f6 16. f4 Re8 17. Rc3 f5 18. Rfc1 h6 19. Nf3 Nf8 20. Ne1 Kf7 21. Nd3 g5 22. g3 Ng6 23. Kf2 Rg8 24. Nc5 Nge7 25. Na4 g4 26. Nb6 Rb8 27. a3 Rd8 28. Bc2 Bd7 29. Ba4 Be8 30. Ke3 Nc8 31. Nxc8 Rdxc8 32. Bxc6 Bxc6 33. R1c2 Ke7 34. Nc1 Bd7 35. Nd3 Rxc3 36. Rxc3 a5 37. Kd2 Kd8 38. Nc5 b6 39. Nd3 Bb5 40. Nc1 Rc8 41. Rb3 Ba4 42. Rc3 Rxc3 43. Kxc3 Kc7 44. b4 axb4+ 45. Kxb4 Bc2 46. Ne2 Bd3 47. Nc3 Kb7 48. Nd1 Kc6 49. Ne3 Be2 50. Ng2 Bd3 51. a4 Bf1 52. Ne3 Be2 53. a5 bxa5+ 54. Kxa5 Bd3 55. Nd1 Be2 56. Nc3 Bc4 57. Na4 Kd7 58. Nc5+ Ke7 59. Kb6 Ba2 60. Kc7 Bc4 61. Nb7 Ba6 62. Na5 Bb5 63. Nc6+ Kf7 64. Kd6 Bxc6 65. Kxc6 Ke7 66. Kc7 Kf7 67. Kd7 1-0

[Event "Nittenau-ch 11th"]
[Site "Nittenau"]
[Date "2011.09.18"]
[Round "5"]
[White "Hessler, Markus"]
[Black "Melcher, Matthias"]
[Result "1/2-1/2"]
[WhiteElo "1745"]
[BlackElo "1932"]
[PlyCount "30"]
[EventDate "2011.09.16"]
[EventType "swiss"]
[EventRounds "5"]
[EventCountry "GER"]
[SourceTitle "EXT 2022"]
[Source "ChessBase"]
[SourceDate "2021.10.06"]
[SourceVersion "1"]
[SourceVersionDate "2021.10.06"]
[SourceQuality "1"]

1. e4 c5 2. Nf3 d6 3. Bb5+ Bd7 4. Bxd7+ Qxd7 5. c4 Nc6 6. d4 cxd4 7. Nxd4 Nf6 8. Nc3 g6 9. f3 Bg7 10. Be3 0-0 11. 0-0 a6 12. Rc1 Rac8 13. b3 Rfd8 14. Qd2 Nxd4 15. Bxd4 Qe6 1/2-1/2

[Event "Erbendorf op"]
[Site "Erbendorf"]
[Date "2009.06.12"]
[Round "3"]
[White "Melcher, Matthias"]
[Black "Gegenfurtner, Juergen"]
[Result "0-1"]
[WhiteElo "1794"]
[BlackElo "2047"]
[PlyCount "64"]
[EventDate "2009.06.11"]
[EventType "swiss"]
[EventRounds "7"]
[EventCountry "GER"]
[SourceTitle "CBM 130 Extra"]
[Source "ChessBase"]
[SourceDate "2009.07.02"]
[SourceVersion "2"]
[SourceVersionDate "2009.07.15"]
[SourceQuality "1"]

1. e4 e5 2. Nf3 d6 3. Nc3 Nf6 4. Bc4 Be7 5. 0-0 0-0 6. d4 exd4 7. Nxd4 c6 8. a4 Re8 9. Re1 Bf8 10. Bg5 Nbd7 11. Bb3 Nc5 12. Qf3 Nxb3 13. Bxf6 Nxd4 14. Bxd4 Qg5 15. Be3 Qg4 16. Qxg4 Bxg4 17. f3 Be6 18. Rad1 h6 19. Bf4 Rad8 20. Bg3 g6 21. Rd2 Rd7 22. Red1 Red8 23. Ne2 d5 24. e5 c5 25. c3 Be7 26. Kf2 d4 27. Nf4 Bb3 28. Ra1 d3 29. Kf1 Kg7 30. e6 Bxe6 31. Re1 Bb3 32. Nxd3 Bc4 0-1

[Event "Erbendorf op"]
[Site "Erbendorf"]
[Date "2009.06.11"]
[Round "2"]
[White "Groschwitz, Gerhard"]
[Black "Melcher, Matthias"]
[Result "0-1"]
[WhiteElo "1212"]
[BlackElo "1794"]
[PlyCount "78"]
[EventDate "2009.06.11"]
[EventType "swiss"]
[EventRounds "7"]
[EventCountry "GER"]
[SourceTitle "CBM 130 Extra"]
[Source "ChessBase"]
[SourceDate "2009.07.02"]
[SourceVersion "2"]
[SourceVersionDate "2009.07.15"]
[SourceQuality "1"]

1. d4 d5 2. Nf3 Nf6 3. Bf4 c6 4. e3 Qb6 5. b3 Bf5 6. Nbd2 e6 7. c4 Bb4 8. c5 Qa5 9. Be2 Ne4 10. h3 Nc3 11. Bc7 Qxc7 12. Qc1 Ne4 13. a3 Bxd2+ 14. Nxd2 Nxd2 15. Qxd2 Nd7 16. b4 e5 17. g4 Bg6 18. h4 h6 19. h5 Bh7 20. Rg1 g5 21. Rf1 exd4 22. exd4 Qf4 23. Qe3+ Qxe3 24. fxe3 Be4 25. a4 a6 26. a5 Ke7 27. Kd2 Rhf8 28. Bf3 Nf6 29. Bxe4 Nxe4+ 30. Kd3 f5 31. gxf5 Kf6 32. Rf3 Rg8 33. Rg1 g4 34. Rf4 Rg5 35. Ke2 Rag8 36. Ke1 g3 37. Ke2 Rxh5 38. Kf3 Rh2 39. Rg2 Nd2+ 0-1

[Event "Erbendorf op"]
[Site "Erbendorf"]
[Date "2009.06.11"]
[Round "1"]
[White "Melcher, Matthias"]
[Black "Rother, Christoph"]
[Result "0-1"]
[WhiteElo "1794"]
[BlackElo "2297"]
[PlyCount "70"]
[EventDate "2009.06.11"]
[EventType "swiss"]
[EventRounds "7"]
[EventCountry "GER"]
[SourceTitle "CBM 130 Extra"]
[Source "ChessBase"]
[SourceDate "2009.07.02"]
[SourceVersion "2"]
[SourceVersionDate "2009.07.15"]
[SourceQuality "1"]

1. e4 e6 2. d4 d5 3. Nd2 c5 4. c3 cxd4 5. cxd4 dxe4 6. Nxe4 Bb4+ 7. Nc3 Nc6 8. Nf3 Nf6 9. Bb5 Bd7 10. 0-0 a6 11. Bxc6 Bxc6 12. Ne5 Rc8 13. Qd3 0-0 14. Be3 Bxc3 15. bxc3 Qd5 16. Nxc6 Rxc6 17. Rfc1 Rfc8 18. Rab1 Rc4 19. Rb3 Qc6 20. Bd2 b5 21. f3 Nd5 22. Qe4 b4 23. Rcb1 bxc3 24. Bc1 a5 25. Rb8 Rb4 26. R1xb4 axb4 27. Rxc8+ Qxc8 28. Qd3 Qc6 29. Kf2 Qa4 30. Qc4 Qc2+ 31. Kg3 h6 32. Bf4 Kh7 33. Be5 Ne3 34. Qxb4 Qxg2+ 35. Kf4 Nd5+ 0-1

[Event "Oberpfalz-ch M2"]
[Site "Kareth Lappersdorf"]
[Date "2008.03.17"]
[Round "6"]
[White "Muehlbauer, Wolfgang Jr"]
[Black "Melcher, Matthias"]
[Result "1/2-1/2"]
[WhiteElo "1770"]
[BlackElo "1527"]
[PlyCount "61"]
[EventDate "2008.03.15"]
[EventType "swiss"]
[EventRounds "8"]
[EventCountry "GER"]
[SourceTitle "EXT 2022"]
[Source "ChessBase"]
[SourceDate "2021.10.06"]
[SourceVersion "1"]
[SourceVersionDate "2021.10.06"]
[SourceQuality "1"]

1. e4 c5 2. Nf3 Nc6 3. d4 cxd4 4. Nxd4 Nf6 5. Nc3 a6 6. Bg5 e6 7. a3 Be7 8. Be2 Nxe4 9. Nxc6 bxc6 10. Nxe4 Bxg5 11. Nd6+ Kf8 12. 0-0 Be7 13. Bf3 Qc7 14. Nxc8 Rxc8 15. Qd3 a5 16. Rfe1 Bf6 17. c3 Ke7 18. Red1 g6 19. Qe3 Bg7 20. b4 axb4 21. axb4 Ra8 22. Qc5+ d6 23. Qxc6 Qxc6 24. Bxc6 Rxa1 25. Rxa1 Bxc3 26. Ra7+ Kf6 27. b5 Rb8 28. Kf1 Bd4 29. Rd7 Bc5 30. Ke2 h5 31. h4 1/2-1/2

[Event "Oberpfalz-ch M2"]
[Site "Kareth Lappersdorf"]
[Date "2008.03.16"]
[Round "3"]
[White "Melcher, Matthias"]
[Black "Cserti, Istvan"]
[Result "1/2-1/2"]
[WhiteElo "1527"]
[BlackElo "1624"]
[PlyCount "120"]
[EventDate "2008.03.15"]
[EventType "swiss"]
[EventRounds "8"]
[EventCountry "GER"]
[SourceTitle "EXT 2022"]
[Source "ChessBase"]
[SourceDate "2021.10.06"]
[SourceVersion "1"]
[SourceVersionDate "2021.10.06"]
[SourceQuality "1"]

1. e4 c5 2. Nf3 Nc6 3. d4 cxd4 4. Nxd4 d6 5. Nc3 a6 6. Bc4 Nf6 7. Bg5 Qb6 8. Nxc6 bxc6 9. Bb3 Ng4 10. 0-0 h6 11. Bh4 g5 12. Bg3 Bg7 13. Qf3 Rf8 14. h3 Ne5 15. Bxe5 Bxe5 16. Rad1 a5 17. Na4 Qa7 18. Rfe1 Rb8 19. Qe3 c5 20. c3 Bd7 21. Rd5 Bf4 22. Qf3 Be6 23. g3 Rxb3 24. axb3 Be5 25. Rxe5 dxe5 26. Qe3 Bxb3 27. Qxc5 Qxc5 28. Nxc5 Bc4 29. Ra1 f6 30. Rxa5 Kf7 31. Ra4 Be2 32. b4 Rd8 33. Ra1 Rd2 34. Rb1 Bb5 35. Rc1 Bc4 36. g4 Kg6 37. Rb1 Bb5 38. c4 Bxc4 39. b5 Ba2 40. Ra1 Rc2 41. Na6 Bc4 42. Rb1 Ra2 43. Nc7 Ra7 44. b6 Rb7 45. Rb4 Bf7 46. Na6 Be8 47. Nc5 Rb8 48. b7 Bc6 49. Rb6 Bxb7 50. Rxb7 Rc8 51. Rb5 h5 52. Kg2 h4 53. Nd7 Kf7 54. Nxe5+ fxe5 55. Rxe5 Kf6 56. Rf5+ Kg6 57. Rf3 Rc4 58. Re3 Rc1 59. Kf3 Rc2 60. Re2 Rc3+ 1/2-1/2